| 000 | 00426nam a2200193 4500 | ||
|---|---|---|---|
| 001 | 1929 | ||
| 003 | 00 | ||
| 005 | 20260409082610.0 | ||
| 008 | 00 | ||
| 020 | _a987654321234 | ||
| 040 |
_c00 _d00 |
||
| 082 | _a020 | ||
| 245 |
_aLibrary and Society _cRanganathan S.R |
||
| 250 | _a2ND ED | ||
| 260 |
_aHyderabad _bBSR Publication _c2025 |
||
| 300 |
_b220P RS.350 _g22CMM |
||
| 650 | _2Library,and Society | ||
| 942 |
_2ddc _cBOOK _n0 |
||
| 999 |
_c1929 _d1929 |
||